Normal view
MARC view
- Sheikh Waqas Akhtar
Entry Personal Name
001 - CONTROL NUMBER
- control field: 69954
003 - CONTROL NUMBER IDENTIFIER
- control field: NUST
005 - DATE AND TIME OF LATEST TRANSACTION
- control field: 20210628204333.0
008 - FIXED-LENGTH DATA ELEMENTS
- fixed length control field: 210628|| aca||aabn | a|a d
040 ## - CATALOGING SOURCE
- Original cataloging agency: NUST
- Transcribing agency: NUST
100 ## - HEADING--PERSONAL NAME
- Personal name: Sheikh Waqas Akhtar
670 ## - SOURCE DATA FOUND
- Source citation: Work cat.: (NUST): Sheikh Waqas Akhtar, TH-SOF-1351-Improving robustness of neural network using K-Support norm based adversarial training, 2016
